[Event "81st Georgian-ch Men 2022"]
[Site "Tbilisi"]
[Date "2022.02.03"]
[Round "9.1"]
[White "Sanikidze, Tornike"]
[Black "Pantsulaia, Levan"]
[Result "0-1"]
[WhiteElo "2464"]
[BlackElo "2579"]
[Annotator "TA"]
[PlyCount "64"]
[EventDate "2022.01.24"]
[EventType "tourn"]
[EventCountry "GEO"]
[SourceTitle "playchess.com"]
[Source "ChessBase"]
[SourceQuality "1"]

{[%evp 15,64,27,31,42,81,75,97,108,75,0,0,0,0,0,0,0,0,0,0,0,0,0,0,0,0,-46,-44,-46,-50,-240,-245,-227,-225,-293,-296,-306,-292,-304,-295,-297,-294,-380,-393,-373,-370,-470,-466,-460,-422,-1110,-620]} 1. d4 Nf6 2. c4 c5 3. d5 e6 4. Nc3 exd5 5. cxd5 d6 6. Nf3 g6 7. Bf4 Bg7 $1 {[%mdl 4] now scores much better than the old 7...a6.} 8. Qa4+ Bd7 9. Qb3 {A61: Modern Benoni: Nf3 without early e4.} O-O {[%cal Ob7b5]} 10. Qxb7 Qa5 {Strongly threatening ...Na6.} 11. Qxa8 {[#] And now Qb7 would win. White is better.} Qb6 $146 {To avoid Qb7} ({Predecessor:} 11... Ne4 12. Rc1 Bxc3+ 13. bxc3 Qb6 14. Nd2 Nxd2 15. Bxd2 Ba4 16. Bh6 Rd8 17. Bg5 Rf8 18. Bf4 Nd7 19. Qxf8+ Kxf8 20. e4 Ne5 21. Bxe5 {½-½ (21) Woelfelschneider,P (2203)-Daurelle,H (2276) LSS email 2012}) 12. Rc1 (12. e4 $1 $16) 12... Ne8 $1 $11 {...Nc7 is the strong threat.} (12... Na6 13. Qxf8+ $3 {[%mdl 512]} Bxf8 14. e4 $16) 13. a4 $1 {[%cal Ba2a4,Ba4a5][%mdl 32] Hoping for a5!} Nc7 14. a5 $1 Qxb2 (14... Nxa8 $2 15. axb6 Nxb6 16. Bxd6 $18) 15. Nd1 Qxc1 16. Bxc1 Nxa8 17. Bf4 Re8 $1 {[%cal Bf8e8,Be8e4,Be4c4,Bc4c2][%mdl 32]} (17... Nc7 18. Bxd6 Nxd5 19. Bxf8 Kxf8 20. e4 $16) 18. Bxd6 Na6 19. e3 N8c7 20. Bc4 (20. Bg3 $11) 20... Nb5 $15 21. Bf4 Nb4 22. Kd2 $2 {This move loses the game for White.} (22. O-O $1 $15) 22... Re4 $19 23. Bxb5 Bxb5 24. Nc3 Bxc3+ 25. Kxc3 {[#]} Rc4+ $1 (25... Nxd5+ 26. Kd2 $17) 26. Kb3 {[#]} Rc2 {Inhibits Nd2.} ({And not} 26... Nxd5 27. Be5 $15) 27. Ra1 Bc4+ ({Not} 27... Rxf2 28. Bd6 $14) 28. Ka3 Nd3 {( -> ...Rc3+)} 29. Be5 {To avoid Rc3+} Bxd5 30. Bf6 Nxf2 {Black is clearly winning.} ({Don't blunder} 30... Rxf2 $2 31. e4 Be6 32. a6 $19) 31. Bb2 Nd3 {Prevents Rc1.} 32. Rb1 (32. Bf6 $142) 32... Rxg2 {Weighted Error Value: White=0.48/Black=0.03 (flawless)} 0-1

[Event "81st Georgian-ch Men 2022"]
[Site "Tbilisi"]
[Date "2022.02.03"]
[Round "9.2"]
[White "Mchedlishvili, Mikheil"]
[Black "Quparadze, Giga"]
[Result "1/2-1/2"]
[WhiteElo "2587"]
[BlackElo "2477"]
[Annotator "TA"]
[PlyCount "65"]
[EventDate "2022.01.24"]
[EventType "tourn"]
[EventCountry "GEO"]
[SourceTitle "playchess.com"]
[Source "ChessBase"]
[SourceQuality "1"]

{[%evp 15,65,23,39,37,29,38,30,40,18,30,43,50,49,28,40,0,0,-93,-73,-64,-7,-182,-170,-247,0,-33,0,0,192,200,207,150,147,132,240,244,219,54,55,51,53,56,56,64,50,12,12,0,0,0,0,0]} 1. e4 c5 2. Nf3 e6 3. d4 cxd4 4. Nxd4 a6 5. Nc3 b5 6. Bd3 Bb7 7. O-O Nc6 8. Nxc6 Bxc6 9. Re1 $1 {9.Re1 is better than 9.Qe2. B43: Sicilian: Kan Variation: 5 Nc3.} Ne7 10. Bf1 Ng6 11. Be3 {[#] White has an edge.} f6 $146 ({Predecessor:} 11... Qc7 12. Nd5 Bxd5 13. exd5 Bc5 14. c4 Bxe3 15. Rxe3 bxc4 16. dxe6 dxe6 17. Qa4+ Qd7 {½-½ (62) Georgiadis,N (2553)-Pantsulaia,L (2571) Terme Catez 2021}) 12. a4 {[%cal Ra4b5]} Rb8 (12... b4 13. Nd5 $1 $16) 13. axb5 axb5 {[#]} 14. Nd5 $1 {[%cal Oa1a7]} Kf7 (14... exd5 $2 15. exd5 Be7 16. d6 $18 (16. dxc6 dxc6 17. Qf3 Ne5 $18)) 15. f4 {[%cal Of4f5]} Bd6 16. c4 bxc4 17. Bxc4 {[%cal Od5f6]} Rxb2 (17... exd5 $15 18. Bxd5+ Kf8 19. Bxc6 dxc6) 18. Ra7 $2 Bb8 $19 (18... exd5 19. Bxd5+ Kf8 20. e5 fxe5 21. fxe5 Nxe5 22. Bxc6 dxc6 23. Bd4 $16) 19. Ra3 (19. Ra1 $142) 19... Bd6 $2 (19... exd5 $19 20. Bxd5+ Bxd5 21. Qxd5+ Ke8) 20. Ra6 Qb8 {[%cal Rd6f4]} (20... Re8 $5 {[%cal Re6d5]} 21. Qc1 Rb7 $15) 21. e5 $1 Bxe5 $2 22. fxe5 $18 Nxe5 {[#]} 23. Rxc6 {[%mdl 512]} dxc6 24. Nf4 Qb4 (24... g6 $16 {was called for.}) 25. Bxe6+ {This bishop pair is nice.} Ke7 {[%cal Bf7e7,Be7e6,Be6f5][%mdl 32] [#] White must now prevent ...g5.} 26. Rf1 $2 ({Better is} 26. Bf5 $1 $18 Rd8 27. Nd3) 26... g5 $14 {[#]} 27. Qc1 $1 {And now Bc5+ would win. Chess con chili.} gxf4 28. Bc5+ Kxe6 29. Bxb4 Rxb4 30. Qd2 (30. Qc3 $5 {[%cal Rc3b4]} c5 31. Qxc5 $16) 30... Rhb8 {The position is equal.} 31. Qa2+ {[%mdl 1024] White has compensation.} ({Don't blunder} 31. Rxf4 $2 Rxf4 32. Qa2+ (32. Qxf4 $2 {is the wrong capture.} Rb1+ 33. Qf1 Rxf1+ $19) 32... Rc4 $19) 31... Kf5 32. Qc2+ Re4 33. Re1 {Weighted Error Value: White=0.41/Black=0.37} 1/2-1/2

[Event "81st Georgian-ch Men 2022"]
[Site "Tbilisi"]
[Date "2022.02.03"]
[Round "9.3"]
[White "Tutisani, Noe"]
[Black "Akhvlediani, Irakli"]
[Result "1-0"]
[WhiteElo "2419"]
[BlackElo "2430"]
[Annotator "TA"]
[PlyCount "61"]
[EventDate "2022.01.24"]
[EventType "tourn"]
[EventCountry "GEO"]
[SourceTitle "playchess.com"]
[Source "ChessBase"]
[SourceQuality "1"]

{[%evp 27,61,32,19,28,30,20,12,15,30,12,13,29,29,14,12,0,13,13,13,12,137,131,125,131,134,141,122,132,132,127,126,136,123,83,29984,29971]} 1. e4 c5 2. Nf3 d6 3. d4 cxd4 4. Nxd4 Nf6 5. Nc3 a6 6. f3 e5 7. Nb3 Be6 8. Be3 Be7 9. Qd2 O-O 10. O-O-O Nbd7 11. g4 {[%cal Bg2g4,Bg4g5][%mdl 32]} b5 {[%cal Bb7b5,Bb5b4][%mdl 32]} 12. g5 b4 13. Ne2 Ne8 14. f4 a5 $1 {...a4 is the strong threat.} 15. f5 {B90: Sicilian Najdorf: Unusual White 6th moves, 6 Be3 Ng4 and 6 Be3 e5.} a4 16. fxe6 axb3 17. cxb3 {The position is equal.} (17. exd7 $2 bxa2 $1 18. Qd5 a1=Q+ $19) 17... fxe6 18. Bh3 Rxa2 {Threatens to win with ...Nc7.} 19. Bxe6+ Kh8 20. Kb1 Qa5 21. Ng3 {[#]} Nef6 $146 {[%cal Of8c8]} ({Predecessor:} 21... Nc5 22. Bc4 Bxg5 23. Bxg5 Nxb3 24. Bxb3 Ra1+ 25. Kc2 Qc5+ 26. Kd3 Qd4+ 27. Kc2 Qc5+ 28. Kd3 Qd4+ 29. Kc2 {½-½ (29) Timmerman,G (2694)-Dosi,A (2585) ICCF email 2009}) 22. Rc1 {To avoid Rc8} (22. gxf6 Rc8 23. fxg7+ Kxg7 24. Bh6+ (24. Nf5+ Kh8) 24... Kh8 25. Bc4 (25. Bg7+ Kxg7 26. Bc4 Rxc4 27. bxc4 Qa4) 25... Rxc4 $1 {[%mdl 512]}) 22... d5 $1 23. exd5 ({Avoid the trap} 23. gxf6 $2 Ra1+ 24. Kc2 Rc8+ 25. Bc5 Rxc5+ 26. Kd3 Raxc1 27. fxe7 Qa6+ 28. Ke3 d4+ 29. Kf3 Qxe6 $1 $19) 23... e4 {[#]} 24. Qd4 $1 $16 {Hoping for d6.} (24. gxf6 $2 Ra1+ 25. Kc2 Rc8+ 26. Kd1 Rcxc1+ 27. Qxc1 Rxc1+ 28. Bxc1 Nxf6 $19) 24... Ra1+ 25. Kc2 {[%cal Bb1c2,Bc2d2,Bd2c1][%mdl 32] Active counter play!} Rc8+ 26. Kd2 Raxc1 27. Rxc1 {The board is on fire.} Rxc1 28. Kxc1 $40 {[%mdl 128] White is out for blood.} Bc5 29. Qd2 Nxd5 {( -> ...Qa1+)} 30. Bd4 {This bishop pair is nice.} N7b6 {[%mdl 8192]} (30... Ne5 $16 31. Kb1 (31. Bxe5 $2 Qa1+ 32. Kc2 Ne3+ 33. Qxe3 Bxe3 $19) (31. Bxd5 Nf3 $11) 31... Qb6) 31. Qf2 {Weighted Error Value: White=0.05 (flawless) /Black=0.35} 1-0

[Event "81st Georgian-ch Men 2022"]
[Site "Tbilisi"]
[Date "2022.02.03"]
[Round "9.4"]
[White "Paichadze, Luka"]
[Black "Kacharava, Nikolozi"]
[Result "0-1"]
[WhiteElo "2566"]
[BlackElo "2469"]
[Annotator "TA"]
[PlyCount "102"]
[EventDate "2022.01.24"]
[EventType "tourn"]
[EventCountry "GEO"]
[SourceTitle "playchess.com"]
[Source "ChessBase"]
[SourceQuality "1"]

{[%evp 20,102,7,13,14,6,3,4,34,16,39,35,21,23,34,25,33,-14,-16,-9,-7,-166,-163,-222,-230,-231,-227,-220,-223,-281,-283,-274,-271,-340,-346,-352,-350,-348,-355,-340,-136,-145,-143,-142,-141,-143,-147,-137,-157,-139,-149,-419,-406,-418,-410,-412,-404,-400,-394,-403,-396,-600,-558,-886,-870,-591,-562,-555,-544,-951,-788,-1208,-1183,-963,-914,-29968,-29969,-29966,-29967,-29985,-29986,-29986,-29987,-29987,-29988]} 1. e4 c5 2. Nf3 d6 3. d4 cxd4 4. Qxd4 Nc6 5. Bb5 Bd7 6. Bxc6 Bxc6 7. c4 Nf6 8. Nc3 g6 9. O-O Bg7 10. Qd3 O-O 11. Nd4 Qa5 {B53: Sicilian: 2...d6: Lines with Qxd4.} 12. h3 Nd7 {[%cal Bf6d7,Bd7c5,Bc5e6,Be6f4][%mdl 32]} 13. Be3 Rac8 {The position is equal.} 14. Rac1 {[#]} a6 $146 ({Predecessor:} 14... Qh5 15. Qe2 Qxe2 16. Ndxe2 b6 17. f3 Nc5 18. Rfd1 Na4 19. Nxa4 Bxa4 20. b3 Bc6 {½-½ (70) Zylka,S (2362)-Czernek,T (2171) Warsaw 2021}) 15. Rfd1 Nc5 16. Qb1 {Hoping for b4.} Ne6 17. b4 Qh5 18. Nd5 (18. a4 $14) 18... Bxd5 $11 19. exd5 Bxd4 $1 20. Bxd4 (20. dxe6 $11 {and White has nothing to worry.} Bxe3 21. exf7+ Rxf7 22. fxe3) 20... Nf4 $1 $19 {[%cal Oc8c4]} 21. Kh1 {[#]} (21. Kh2 $142 Ne2 22. g4) 21... Rxc4 $3 {[%mdl 512]} 22. Qe4 Rxc1 {Dancing on a razor blade.} 23. Rxc1 Nxd5 24. Ba1 Qf5 25. Qd4 {[%csl Ga1][%cal Rd4g7]} f6 26. Rd1 Nf4 27. Qe3 e5 28. Rxd6 Qb1+ 29. Kh2 Qxa2 $40 {[%mdl 128] Black is out for blood.} (29... Qxa1 30. Qb3+ Kg7 31. Rd7+ (31. Rd1 Qxd1 32. Qxd1 Rf7 $14) 31... Kh8 32. Rd1 Qxd1 33. Qxd1 $16) (29... Qf1 $19 {[%csl Gf4][%cal Rf1g2] is more deadly.} 30. Qf3 Ne2 31. Qb3+ Rf7) 30. Bc3 $17 Qc4 {White must now prevent ...Qf1.} ({Weaker is} 30... Nd5 31. Qh6 Ne7 32. Rd7 $15) 31. Bd2 {[#]} Qc7 $1 32. Qc5 Qxc5 33. bxc5 {[%mdl 4096] Endgame KRB-KRN} Rc8 34. Be3 Rc7 35. Rxf6 $2 {[%mdl 8192] This move loses the game for White.} (35. g3 $17 {is a better defense.} Nh5 36. g4) 35... Rc6 $19 36. Rxc6 bxc6 {KB-KN} 37. Kg3 Nd5 38. Bd2 Kf7 39. Kh4 Nf4 40. Bc3 (40. Kg3 $142 Nd3 41. Kg4) 40... Kf6 41. g3 Ne2 42. Ba5 Nd4 43. g4 Nb3 {[%csl LRa5,LRc5]} 44. Bb4 a5 {[%cal Ba6a5,Ba5a4,Ba4a3][%mdl 32]} 45. Bc3 a4 46. f4 a3 {...Ke6 is the strong threat.} 47. fxe5+ Ke6 {Black mates.} 48. Kg5 Nxc5 49. Kh6 Ne4 50. Ba1 c5 {[%cal Bc6c5,Bc5c4][%mdl 32]} 51. h4 c4 {Weighted Error Value: White=0.62/Black=0.06 (flawless)} 0-1

[Event "81st Georgian-ch Men 2022"]
[Site "Tbilisi"]
[Date "2022.02.03"]
[Round "9.5"]
[White "Gagunashvili, Merab"]
[Black "Lortkipanidze, Nodar"]
[Result "1-0"]
[WhiteElo "2573"]
[BlackElo "2407"]
[Annotator "TA"]
[PlyCount "89"]
[EventDate "2022.01.24"]
[EventType "tourn"]
[EventCountry "GEO"]
[SourceTitle "playchess.com"]
[Source "ChessBase"]
[SourceQuality "1"]

{[%evp 9,89,-6,10,10,12,12,19,0,2,0,9,16,39,34,40,41,38,38,35,38,39,33,33,23,42,16,31,28,48,34,48,37,66,68,68,66,53,9,5,-54,17,-29,-29,-34,-45,-33,-26,-41,-36,-80,0,1,14,0,99,98,114,99,111,104,135,128,184,144,237,232,472,479,457,308,516,507,1270,1050,29977,29978,29978,29979,29979,29977,2752,2006]} 1. d4 d5 2. Nf3 Nf6 3. Bf4 c5 4. e3 Nc6 5. Nbd2 cxd4 6. exd4 {D02: 1 d4 d5 2 Nf3 sidelines, including 2...Nf6 3 g3 and 2...Nf6 3 Bf4.} Qb6 {[%csl LRb2,LRd4]} 7. Nb3 Bg4 {7...Bf5 is the hot move.} 8. a4 {[%cal Ba2a4,Ba4a5,Ba5a6][%mdl 32] The position is equal.} e6 9. Be2 {[#]} Bxf3 $146 ({Predecessor:} 9... Ne4 10. O-O Bd6 11. Bxd6 Nxd6 12. h3 Bf5 13. Ne5 Qc7 14. c3 O-O 15. Re1 h6 {½-½ (15) Felkel,S (2413)-Schneider,G (2416) ICCF email 2019}) 10. Bxf3 Bb4+ 11. c3 Be7 12. a5 Qd8 13. a6 b6 14. Be2 O-O 15. Bb5 {This bishop pair is nice.} Rc8 16. Nd2 Na5 17. Qa4 Nh5 18. Be3 Bd6 19. Qd1 Nf4 20. Qf3 Qc7 21. h4 {[%cal Bh2h4,Bh4h5][%mdl 32]} Ng6 {[%cal Bf4g6,Bg6e7,Be7d5][%mdl 32]} 22. h5 Ne7 23. Bd3 (23. h6 $14 g6 24. Rd1 (24. Qf6 Nf5 $11)) 23... h6 $11 {[%cal Ob6b5]} 24. Rh4 (24. O-O $11) 24... f5 ({Black should try} 24... f6 $1 $15) 25. g3 (25. Bf4 $1 {deserves consideration.}) 25... Nc4 26. Nxc4 dxc4 27. Bc2 Nd5 28. Bd2 b5 29. g4 (29. Kf1 $15 {is superior.}) 29... Qf7 ({Black should play} 29... Qd8 $17 30. Rh3 fxg4 31. Qxg4 Qf6) 30. gxf5 exf5 {White must now prevent ...Qe7+.} 31. Rh1 {[%cal Bh4h1,Bh1g1,Bg1e1,Be1e5,Be5f5][%mdl 32]} Be7 (31... Rc6 $11 {remains equal.}) 32. Rg1 $1 $16 Bg5 33. O-O-O $1 {[%cal Ba1d1,Bd1e1,Be1e6,Be6c6][%mdl 32]} Bxd2+ 34. Kxd2 Rcd8 35. Rde1 Qc7 (35... Rde8 $16 36. Rxe8 Rxe8) 36. Re6 $1 $18 (36. Bxf5 b4 $14) 36... Kh8 (36... Nf4 $16 {was necessary.} 37. Rxh6 Qe5) 37. Rge1 (37. Bxf5 b4 $11) 37... Qa5 $2 (37... b4 {keeps fighting.} 38. R1e5 (38. Bxf5 bxc3+ 39. bxc3 Qa5 $17) 38... Qd7 39. Rxf5 (39. Bxf5 Qb5 $16) 39... Kg8) 38. R1e5 b4 (38... Nc7 $2 39. Re7 Rxd4+ 40. Ke2) 39. Rc6 {And now Rc5 would win.} b3 $2 {[#]} (39... Qa1 {might work better.} 40. Rxd5 Rde8) 40. Bb1 $1 Qa1 (40... Kg8 $142 41. Kc1 (41. Rxc4 Qa1 $11) (41. Rxf5 Ne7 $16) 41... Qa4) 41. Kc1 Nb6 42. Rxf5 Rfe8 {[#]} 43. Re6 $3 {[%mdl 512]} Nd7 44. Qe4 Rxe6 45. Qxe6 {Weighted Error Value: White=0.11 (very precise) /Black=0.49} 1-0

[Event "81st Georgian-ch Men 2022"]
[Site "Tbilisi"]
[Date "2022.02.04"]
[Round "10.1"]
[White "Pantsulaia, Levan"]
[Black "Lortkipanidze, Nodar"]
[Result "1/2-1/2"]
[WhiteElo "2579"]
[BlackElo "2407"]
[Annotator "TA"]
[PlyCount "61"]
[EventDate "2022.01.24"]
[EventType "tourn"]
[EventCountry "GEO"]
[SourceTitle "playchess.com"]
[Source "ChessBase"]
[SourceQuality "1"]

{[%evp 9,61,-14,-18,-26,-27,-31,-32,-31,-32,-28,-21,-59,-49,-56,-62,-72,-79,-104,-71,-95,-107,-100,-108,-88,-88,-88,-31,-35,-30,-40,-12,-20,0,0,0,0,0,-2,-4,-159,-67,-92,-16,-23,18,24,99,95,108,105,102,0,0,0]} 1. Nf3 d5 2. c4 dxc4 3. Qa4+ Nd7 4. Qxc4 a6 5. d4 e6 6. Bg5 {A09: Réti Opening: 1 Nf3 d5 2 c4.} Ngf6 $1 7. Nbd2 c5 8. dxc5 {Black is slightly better.} Bxc5 9. e3 b5 10. Qc2 (10. Qd3 {with more complications.} h6 11. Bh4 Bb7 12. Be2 O-O 13. O-O) 10... Bb7 $1 {[#]} 11. Bxf6 $146 ({Predecessor:} 11. Rd1 Rc8 12. Qb1 h6 13. Bxf6 Qxf6 14. Bd3 Ne5 15. Nxe5 Qxe5 16. O-O Rd8 17. Be4 Bxe4 18. Nxe4 {0-1 (33) Rakhmanov,A (2591)-Sjugirov,S (2610) Moscow 2010}) 11... Qxf6 12. Bd3 Rc8 $1 13. Qb1 Ne5 {[%cal Rb7f3]} 14. Nxe5 Qxe5 15. Nf3 Qf6 16. Ke2 g5 {...Ke7 is the strong threat.} 17. Rc1 Ke7 (17... g4 $17 18. Nd2 Ke7) 18. Be4 $15 Bxe4 19. Qxe4 {aiming for Qb7+.} Qxb2+ 20. Kf1 f5 21. Qb7+ Kf6 {[%cal Oc5e3]} 22. Rab1 {Chess con chili.} Qa3 23. Kg1 Qa5 24. Ne1 $2 {[#]} (24. Nxg5 $1 $11 Rc7 25. Qf3 Kxg5 26. Qf4+ Kf6 27. Rxc5 Rxc5 28. Qd4+ Re5 29. Qh4+ Kg6 30. Qg3+ Kf7 31. Qxe5 Qxa2 32. Rd1) 24... Qb6 ({Not} 24... Qxa2 25. Ra1 Qd5 26. Qxd5 exd5 27. Rxa6+ Ke7 28. Rb1 $11 (28. Nd3 Bd6 $15)) (24... Rc7 25. Qf3 $15) (24... g4 $1 $17 {Strongly threatening ...Rc7.} 25. Qd7 Qd8) 25. Qf3 $1 h5 (25... g4 $17 26. Qe2 Qb7) 26. Qe2 Rcd8 (26... g4 $142) 27. a4 $11 {[%cal Ra4b5]} Ba3 {[#]} (27... b4 $11 {keeps the balance.}) 28. Rc3 $1 $16 Qd6 29. axb5 ({But not} 29. Rd3 Qe7) 29... axb5 30. Rxb5 ({White should try} 30. h4 $16 {And now e4 would win.} g4 31. e4 fxe4 32. Qxb5) 30... Qd1 $11 31. Kf1 {Weighted Error Value: White=0.16 (very precise) /Black=0.23 (precise)} 1/2-1/2

[Event "81st Georgian-ch Men 2022"]
[Site "Tbilisi"]
[Date "2022.02.04"]
[Round "10.2"]
[White "Chkhaidze, Nikoloz"]
[Black "Gagunashvili, Merab"]
[Result "0-1"]
[WhiteElo "2268"]
[BlackElo "2573"]
[Annotator "TA"]
[PlyCount "152"]
[EventDate "2022.01.24"]
[EventType "tourn"]
[EventCountry "GEO"]
[SourceTitle "playchess.com"]
[Source "ChessBase"]
[SourceQuality "1"]

{[%evp 12,152,27,32,57,37,38,35,33,26,81,64,60,60,66,78,131,0,76,-33,-29,-40,32,-10,0,1,33,23,25,36,12,20,20,20,19,12,22,18,61,61,61,33,31,27,73,61,76,-93,-91,-75,-95,-62,-87,-642,-115,-110,-106,-80,-3,0,0,0,0,0,62,0,80,0,40,-8,-8,-8,-7,-50,-57,-187,-187,-208,-193,-420,-187,-187,-151,-170,-111,-129,-66,-29976,0,0,33,15,143,133,130,135,175,0,35,0,146,135,244,89,290,210,259,250,259,232,232,232,281,225,216,219,1035,1027,1004,960,901,281,584,226,584,194,187,-58,-58,-5132,-5132,-5095,-101,-2484,-2169,-29979,-29980,-29980,-29981,-29979,-29980,-29987,-29975]} 1. d4 d6 2. Nf3 g6 3. c4 Bg7 4. Nc3 Bg4 5. e3 Nf6 6. Be2 O-O 7. O-O Re8 {E61: King's Indian: Early deviations for White, including Smyslov System.} 8. e4 Nfd7 9. Be3 Nc6 {White is slightly better.} 10. d5 {[#]} Na5 $146 (10... Bxf3 $11 11. Bxf3 (11. gxf3 Nb4 $14) 11... Na5) ({Predecessor:} 10... Bxf3 11. gxf3 Nb4 12. Qd2 a5 13. Kh1 Na6 14. f4 Nac5 15. f5 c6 16. Rg1 a4 {0-1 (40) Savchenko,S (2579)-Tkachiev,V (2657) Neum 2000}) 11. Rc1 Bxf3 12. gxf3 {[%cal Bg2f3,Bf3f4][%mdl 32] Strongly threatening b4.} c5 13. f4 a6 (13... e6 $142) 14. h4 (14. f5 $16) 14... Rb8 (14... e5 $11 {keeps the balance.}) 15. a4 ({White should play} 15. Kg2 $16) 15... Qb6 $15 {To avoid b3} 16. Rb1 Nb3 (16... Qb3 $15) 17. Nb5 axb5 18. Qxb3 bxc4 19. Qxc4 Qd8 20. h5 e6 21. hxg6 hxg6 22. dxe6 Rxe6 23. Bg4 Re8 24. Rfd1 Nf6 (24... b5 $11 25. axb5 Bd4) 25. Bf3 $14 {[%cal Oe4e5]} Qe7 {[%cal Rf6e4] Prevents e5.} 26. e5 dxe5 27. Qxc5 Qe6 (27... Qxc5 $11 {might be stronger.} 28. Bxc5 e4) 28. Qxe5 $16 Qb3 29. Qb5 (29. Qc7 $16 {and life is bright.}) 29... Rxe3 $17 30. fxe3 Qxe3+ 31. Kg2 Qxf4 32. Qb6 $2 {[%mdl 8192]} (32. Qd3 $17 Qg5+ 33. Kf1) 32... Qg5+ $2 (32... Ne4 $1 $19 {( -> ...Qg3+)} 33. Rd3 (33. Bxe4 $2 Qxe4+ 34. Kg1 Re8 $19) 33... Qg3+ 34. Kf1 Nd2+ $1 {[%mdl 512]} 35. Rxd2 Qxf3+ 36. Qf2 Qh1+ 37. Qg1 Qh3+ 38. Ke1 Bf6) 33. Kf1 Re8 {[%mdl 1024] Black has strong compensation.} 34. Re1 Qf5 (34... Ra8 $1 $17 {[%cal Ra8a4]} 35. b3 (35. Qxb7 Rxa4 36. b4 Qf4 $17) 35... Nh5) 35. Qf2 $36 {[%mdl 2048] White has the initiative.} Qd3+ 36. Kg2 Rc8 {aiming for ...Rc2.} 37. Rbd1 Qb3 (37... Qf5 $11) 38. Rc1 (38. Rd4 $1 $14) 38... Rf8 (38... Rxc1 $11 {remains equal.} 39. Rxc1 Qxa4) 39. Rc7 (39. Qd4 $16) 39... b6 40. Rb7 (40. Qd4 $14) 40... Qxa4 41. Qxb6 {[#]} Nd5 $1 {Prevents Qb4.} 42. Qb3 (42. Bxd5 $11 {is superior.} Qg4+ 43. Kf1 Qf5+ 44. Qf2 Qxd5 45. Qg2 Qd3+ 46. Qe2 (46. Kg1 $2 Bd4+ 47. Kh2 Kg7 $19) 46... Qf5+ 47. Qf2 Qh3+ 48. Qg2 (48. Kg1 Bd4 $17) 48... Qd3+ 49. Qe2 (49. Kg1 $2 Bd4+ 50. Kh2 Kg7 $19) 49... Qh3+ 50. Qg2 Qf5+ 51. Qf2 (51. Kg1 $2 Bd4+ 52. Kh2 Kg7 $19)) (42. Qd6 Qh4) 42... Nf4+ $1 $15 (42... Qh4 $2 43. Bxd5 $1 Qg5+ 44. Kf1 $18) 43. Kg3 (43. Kf1 $1 $15 Qa6+ 44. Qb5) 43... Qa5 $19 44. Re4 Qg5+ 45. Kf2 $2 (45. Bg4 Nh5+ 46. Kh3) 45... Qh4+ (45... Nh3+ $142 46. Ke2 Bh6) 46. Kf1 Qh3+ 47. Kf2 Qh2+ ({Better is} 47... Bh6 $19 48. Rbe7 Qh2+ 49. Kf1 Qh3+ 50. Kf2 Qh4+ 51. Kf1 Qh3+ 52. Kf2) 48. Kf1 $17 Nh5 (48... Bf6 $17 {White must now prevent ...Nh3.} 49. Rb8 (49. Re8 $2 Qh3+ 50. Kf2 Bd4+ 51. Ke1 Rxe8+ $19) 49... Bd8) 49. Ree7 $2 {[%mdl 8192]} (49. Rg4 $15) 49... Bd4 $2 (49... Ng3+ {mates} 50. Ke1 Bh6 51. Re3 Qg1+ 52. Kd2 Bxe3+ 53. Kd3 Rd8+ 54. Qd5 Rxd5+ 55. Bxd5 Nf5 56. Rb8+ Kg7 57. Bc6 Qd1+ 58. Kc3 Qc1+ 59. Kb3 Nd4+ 60. Ka2 Nxc6 61. Rb7 Qc4+ 62. Kb1 Bd4 63. Rb3 Qxb3 64. Kc1 Ne5 65. Kd2 Qd3+ 66. Ke1 Nf3#) 50. Ke1 $11 {[%cal Re7f7]} Qf2+ 51. Kd1 {[%cal Re7f7]} Qf1+ {[#]} (51... Qg1+ $11 52. Re1 Qf2) 52. Kc2 $1 $16 {[%cal Re7f7]} (52. Re1 Qf2 $16) 52... Qf2+ 53. Kb1 {[%cal Re7f7]} Qf1+ 54. Kc2 (54. Qd1 $18 Qxd1+ 55. Bxd1) 54... Qf2+ $14 55. Kb1 {[%cal Re7f7]} Qg1+ (55... Qf1+ $1 $11 56. Qd1 Qxd1+ 57. Bxd1 Kg7) 56. Qd1 Qf2 (56... Nf6 $16 57. Qxg1 Bxg1) 57. Qe2 $2 (57. Bxh5 Qf5+ 58. Qc2 Qxh5 $11) (57. Bd5 $18 {is more deadly. And now Bxf7+ would win.} Kh8 58. Rxf7 Rxf7 59. Bxf7) 57... Qh4 $2 (57... Qg1+ $16 58. Qd1 Nf6 59. Qxg1 Bxg1) 58. Re4 Qd8 59. Bxh5 gxh5 60. Qxh5 {Hoping for Rh4.} Bg7 61. Qe2 {To avoid Qd3+} Qd5 62. Rb5 Qc6 63. Rg5 Rc8 $2 (63... Rb8 64. Reg4 Qh1+ 65. Rg1 Qh7+ 66. Ka2 Ra8+ 67. Kb3 Rb8+ 68. Ka4 Ra8+ 69. Kb4 Rb8+ 70. Ka3 Ra8+ 71. Kb4 Rb8+ 72. Ka4 Ra8+ 73. Kb3 Rb8+ 74. Rb5 Qh3+ 75. Kb4 Rxb5+ 76. Qxb5 Qe3 77. Qb8+ Kh7 78. Qh2+ Kg8) 64. Rg1 $18 {Threatening mate with Reg4.} Kf8 65. Reg4 Qf6 66. Rf1 $2 (66. Rxg7 Qf5+ 67. Ka2 Qa5+ 68. Kb1 Qf5+ 69. Ka2 Qa5+ 70. Kb1 Qf5+ $11) (66. Qb5 Qxb2+ 67. Qxb2 Bxb2 68. Rg8+ Ke7 69. Rxc8) 66... Qb6 $2 (66... Qe5 {is a better chance.} 67. Qf2 Qd5) 67. Qf2 $2 (67. Qg2 Qb3 68. Qd2 (68. Rxg7 Qd3+ 69. Ka1 Qa6+ 70. Kb1 Qd3+ 71. Ka2 Qa6+ 72. Kb3 Qd3+ 73. Ka4 Qa6+ 74. Kb3 Qd3+ 75. Ka4 Qa6+ 76. Kb3 $11)) 67... Qb3 $2 (67... Qxf2 68. Rxf2 Be5) 68. Rg3 $2 (68. Qd2 Be5 69. Re1 Qxb2+ 70. Qxb2 Bxb2 71. Kxb2) 68... Qc4 69. Re3 $2 {To avoid Qe4+} (69. Qg2 $18) 69... Bd4 $1 $15 {Really sharp!} ({Much worse is} 69... Ra8 70. Ra3 Rxa3 71. Qxf7+ Qxf7 72. Rxf7+ Kxf7 73. bxa3 $11) 70. Rfe1 $2 {[%mdl 8192]} (70. Qxf7+ $15 Qxf7 71. Rxf7+ Kxf7 72. Re4) 70... Bxe3 $19 71. Rxe3 {[%mdl 4096] Endgame KQR-KQR} Qc1+ 72. Ka2 Rc2 {[%csl Gc2][%cal Rc1b2]} 73. Qf6 Qxe3 {Black mates.} 74. Qh8+ Ke7 75. Qh4+ Kd7 76. Qg4+ Kc7 {Weighted Error Value: White=0.52/Black=0.61} 0-1